| Поле | Название | Значение |
| |
Тип записи |
a |
| |
Библиографический уровень |
m |
| 001 |
Контрольный номер |
27a2b41b74cd4c419a0acdc36e3ee27b |
| 005 |
Дата корректировки |
20140729164055.7 |
| 010 |
Индекс ISBN |
__ |
| a |
ISBN |
5-16-000084-4 |
| 200 |
Заглавие и сведения об ответственности |
1_ |
| a |
Заглавие |
Экономическая статистика |
| e |
Сведения, относящиеся к заглавию |
Учеб. для вузов |
| f |
Первые сведения об ответственности |
Ю.Н.Иванов,С.Е.Казаринова,Г.Л.Громыко и др.;Под ред.Ю.Н.Иванова |
| 210 |
Выходные данные |
1_ |
| a |
Место издания |
М. |
| c |
Издательство |
ИНФРА-М |
| d |
Дата издания |
2000 |
| 215 |
Физическое описание |
__ |
| a |
Объем |
478 с. |
| 225 |
Серия |
2_ |
| a |
Серия |
Высшее образование |
| 300 |
Общие примечания |
__ |
| a |
Общие примечания |
2экз. |
| 610 |
Ключевые слова |
0_ |
| a |
Ключевые слова |
экономическая статистика |
| 610 |
Ключевые слова |
0_ |
| a |
Ключевые слова |
статистика труда |
| 610 |
Ключевые слова |
0_ |
| a |
Ключевые слова |
статистика цен |
| 610 |
Ключевые слова |
0_ |
| a |
Ключевые слова |
статистика уровня жизни и потребления населения |
| 610 |
Ключевые слова |
0_ |
| a |
Ключевые слова |
статистика государственного бюджета |
| 610 |
Ключевые слова |
0_ |
| a |
Ключевые слова |
валовой внутренний продукт (ВВП) |
| 610 |
Ключевые слова |
0_ |
| a |
Ключевые слова |
статистика окружающей среды |
| 610 |
Ключевые слова |
0_ |
| a |
Ключевые слова |
межотраслевой баланс (МОБ) |
| 686 |
Индексы других классификаций |
__ |
| a |
Классификационный индекс |
65.051 |
| 2 |
Код системы |
rubbk |
| 686 |
Индексы других классификаций |
__ |
| a |
Классификационный индекс |
65.051я73 |
| 2 |
Код системы |
rubbk |
| 801 |
Источник записи |
_0 |
| a |
Страна |
RU |
| b |
Организация |
РУК |
| c |
Дата составления |
20020218 |
| g |
Правила каталогизации |
PSBO |
| 801 |
Источник записи |
_1 |
| a |
Страна |
RU |
| b |
Организация |
РУК |
| c |
Дата составления |
20020218 |
| g |
Правила каталогизации |
PSBO |
| 852 |
Данные о местонахождении |
__ |
| i |
Авторский знак |
Э 40 |
| j |
Шифр хранения |
ББК 65.051 |
| 901 |
Тип документа |
__ |
| t |
Тип документа |
m |
| 938 |
Служебная информация |
__ |
| a |
Название организации |
Головной вуз |
| b |
Имя БД |
BOOK |
| c |
Название АИБС |
АИБС ИРБИС |